|
|
|
|
| LEADER |
00000nam0a2200000 4500 |
| 001 |
352923 |
| 005 |
20231102010538.0 |
| 035 |
|
|
|a (RuTPU)RU\TPU\retro\9829
|
| 090 |
|
|
|a 352923
|
| 100 |
|
|
|a 20200219d1964 k y0rusy50 ca
|
| 101 |
0 |
|
|a rus
|
| 102 |
|
|
|a RU
|
| 105 |
|
|
|a a z 000zy
|
| 200 |
1 |
|
|a Определение по укрупненным показателям цены ряда геометрически подобных вентиляторов при переменной мощности встроенного двигателя
|e [оттиск статьи]
|f Б. М. Титов
|
| 210 |
|
|
|a Екатеринбург
|d 1964
|
| 215 |
|
|
|a С. 51-58
|c ил.
|
| 225 |
1 |
|
|a Известия высших учебных заведений. Горный журнал
|v № 11
|
| 316 |
|
|
|5 63413507: ШкА2/231
|a На форзаце дарственная надпись: "В библиотеку ТПИ от автора. Титов. 18/III-65"
|
| 320 |
|
|
|a Библиогр.: с. 58
|
| 606 |
1 |
|
|a Вентиляторы
|x Расчет
|2 stltpush
|3 (RuTPU)RU\TPU\subj\2176
|9 30771
|
| 610 |
1 |
|
|a коллекция ТПУ
|
| 610 |
1 |
|
|a оттиски
|
| 610 |
1 |
|
|a дарственные надписи
|
| 610 |
1 |
|
|a дары автора
|
| 610 |
1 |
|
|a дары библиотеке
|
| 610 |
1 |
|
|a себестоимость
|
| 610 |
1 |
|
|a эксплуатационные параметры
|
| 610 |
1 |
|
|a оптовые цены
|
| 610 |
1 |
|
|a производственные условия
|
| 610 |
1 |
|
|a накопления
|
| 610 |
1 |
|
|a труды учёных ТПУ
|
| 675 |
|
|
|a 621.63
|v 4
|
| 700 |
|
1 |
|a Титов
|b Б. М.
|
| 801 |
|
1 |
|a RU
|b 63413507
|c 20200219
|
| 801 |
|
2 |
|a RU
|b 63413507
|c 20200222
|g RCR
|
| 942 |
|
|
|c BK
|